000 00875nam a2200229 a 4500
001 38951
003 BD-RjUL
005 20211209052905.0
008 160324s2013 bg ||||| |||| 00| 0 ben d
020 _a9847018201453
_c: Tk. 120.00
035 _a(BD-RjUL)39061
040 _aBD-RjUL
_bben
_cBD-RjUL
041 _aben
082 _223
_a398.209
_bHOL 2013
100 _aহোসেন, মো. জাহাঙ্গীর
_9120264
245 1 0 _aলোকনাট্য :
_bদাইঘুরা গান /
_cমো. জাহাঙ্গীর হোসেন
260 _aঢাকা :
_bসমাচার,
_c২০১৩.
300 _a১৯৩ পৃ. ;
_c২২ সেমি.
650 _aলোক সাহিত্য
_9118841
_xইতিহাস ও সমালোচনা
650 _aFolk literature
_9120289
_xHistory and Critisiam
942 _2ddc
_cBK
_04
999 _c38951
_d38951